| Tag |
First Indicator |
Second Indicator |
Subfields |
| LEADER |
00000cam a2200000 4500 |
| 001 |
in00000063039 |
| 005 |
20151008051134.0 |
| 008 |
720314s1964 nyu b 00000 eng u |
| 010 |
|
|
|a 64015752
|
| 035 |
|
|
|a (OCoLC)00263115
|
| 035 |
|
|
|9 AAG5979AM
|
| 040 |
|
|
|c YNG
|d OCL
|d TXA
|d UtOrBLW
|
| 049 |
|
|
|a TXAM
|c [403324]
|
| 050 |
|
0 |
|a JK2276
|b .C6
|
| 092 |
|
|
|a 329
|b C847p
|
| 100 |
1 |
|
|a Cotter, Cornelius P.
|
| 245 |
1 |
0 |
|a Politics without power ;
|b the national party committees /
|c [by] Cornelius P. Cotter and Bernard C. Hennessy.
|
| 264 |
|
1 |
|a New York :
|b Atherton Press,
|c 1964.
|
| 300 |
|
|
|a ix, 246 pages :
|b facsimiles, map.
|
| 336 |
|
|
|a text
|b txt
|2 rdacontent
|
| 337 |
|
|
|a unmediated
|b n
|2 rdamedia
|
| 338 |
|
|
|a volume
|b nc
|2 rdacarrier
|
| 490 |
1 |
|
|a The Atherton Press political science series
|
| 504 |
|
|
|a Bibliographical footnotes.
|
| 610 |
2 |
0 |
|a Democratic National Committee (U.S.)
|
| 610 |
2 |
0 |
|a Republican National Committee (U.S.)
|
| 650 |
|
0 |
|a Political parties
|z United States.
|
| 700 |
1 |
|
|a Hennessy, Bernard C.
|
| 830 |
|
0 |
|a Atherton Press political science series.
|
| 999 |
|
|
|a MARS
|
| 999 |
f |
f |
|s 6d1a77ae-1384-3bc9-8444-9044a453f8e5
|i f15dfb67-64ad-31bb-8f59-1c9012d8d74e
|t 0
|
| 952 |
f |
f |
|p ric
|a Texas A&M University
|b Rellis Campus
|c Joint Library Facility
|d Remote Storage
|t 0
|e JK2276 .C6
|h Library of Congress classification
|i unmediated -- volume
|m A14800682906
|
| 998 |
f |
f |
|a JK2276 .C6
|t 0
|l Remote Storage
|